Central Library OPAC University of Rajshahi

The business man's compendium / (Record no. 29867)

MARC details
000 -LEADER
fixed length control field 00947cam a2200265 a 4500
001 - CONTROL NUMBER
control field 29867
003 - CONTROL NUMBER IDENTIFIER
rucl marc code BD-RjUL
005 - DATE AND TIME OF LATEST TRANSACTION
control field 20211209051456.0
008 - FIXED-LENGTH DATA ELEMENTS--GENERAL INFORMATION
fixed length control field 140407s1921 vra 001 0 eng d
035 ## - SYSTEM CONTROL NUMBER
System control number (BD-RjUL)29952
System control number 1802525
040 ## - CATALOGING SOURCE
Original cataloging agency ANL
Language of cataloging eng
Transcribing agency ANL
Modifying agency ANL
041 ## - LANGUAGE CODE
Language code of text/sound track or separate title eng
082 ## - DEWEY DECIMAL CLASSIFICATION NUMBER
Classification number 658
Author mark and year HEB 1921
Edition number 23
100 1# - MAIN ENTRY--PERSONAL NAME
Personal name Hemingway, Wilfred H.
Fuller form of name (Wilfred Hubert),
Dates associated with a name 1879-
9 (RLIN) 90869
245 14 - TITLE STATEMENT
Title The business man's compendium /
Statement of responsibility, etc. by Wilfred H. Hemingway.
260 ## - PUBLICATION, DISTRIBUTION, ETC. (IMPRINT)
Place of publication, distribution, etc. Melbourne :
Name of publisher, distributor, etc. Hemingway and Robertson's Australasian Correspondence Schools Ltd.,
Date of publication, distribution, etc. 1921
Place of manufacture (Melbourne :
Manufacturer J.C. Stephens Pty. Ltd.)
300 ## - PHYSICAL DESCRIPTION
Pagination 4 v. (2022) p. ;
Size 25 cm.
504 ## - BIBLIOGRAPHY, ETC. NOTE
Bibliography, etc Includes index.
505 0# - FORMATTED CONTENTS NOTE
Formatted contents note vol 1 -- vol 3 --
650 #0 - SUBJECT ADDED ENTRY--TOPICAL TERM
Topical term or geographic name as entry element Business
General subdivision Outlines, syllabi, etc.
9 (RLIN) 90870
Topical term or geographic name as entry element Commercial law
Geographic subdivision Australia
General subdivision Outlines, syllabi, etc.
9 (RLIN) 90871
Topical term or geographic name as entry element Commercial law
Geographic subdivision New Zealand
General subdivision Outlines, syllabi, etc.
9 (RLIN) 90872
942 ## - ADDED ENTRY ELEMENTS (KOHA)
Source of classification or shelving scheme Dewey Decimal Classification
Koha item type Books
Holdings
Lost status Source of classification or shelving scheme Damaged status Not for loan Collection code Permanent Location Current Location Shelving location Date acquired Total Checkouts Full call number Date last seen Copy number Koha item type Source of acquisition
  Dewey Decimal Classification   Added to bundle Non-fiction Central Library, University of Rajshahi Central Library, University of Rajshahi Reading Room 07/04/2014   658 HEB V-1 1921 07/04/2014 C-1 Books  
  Dewey Decimal Classification   Not For Loan Non-fiction Central Library, University of Rajshahi Central Library, University of Rajshahi Reading Room 21/09/1964   658 HEB V-3 1921 15/01/2017 C-1 Books Australia